Current Events - Feb 14 - Statistics

General Stats
  • This quiz has been taken 8 times
  • The average score is 10 of 48
Answer Stats
Hint Answer % Correct
Who is playing Mr. Fantastic in the new Fantastic 4 movie? Pedro Pascal
75%
What is her character's real name? Sue Storm
75%
Who is playing The Human Torch in the new Fantastic 4 movie? Joseph Quinn
50%
How many people were killed at the Kansas City Chiefs victory parade shooting? 1
25%
What was his number? 32
25%
What is his character's real name? Ben Grimm
25%
What song did Lana Del Rey just release that is a cover? Blue Skies - Irving Berlin
25%
What is the name of the infectious disease affecting deer in British Colombia? Chronic Wasting Disease
25%
What network is going to air game shows Trivial Pursuit & Scrabble? CW
25%
What team is he from? Detroit Pistons
25%
What fox news anchor is joining NewsNation? Gerald Rivera
25%
What young influencer from XOMG! Pop allegedly mistreated ex-member? JoJo Siwa
25%
What baseball team is getting a new stadium? Kansas City Royals
25%
What team is he from? L.A. Clippers
25%
What is their nickname? Mad Dog
25%
What company is now worth more than both Amazon and Alphabet? NVidia
25%
What NBA team retired Shaq's number? Orlando Magic
25%
From what team is this player? Ottawa Senators
25%
What country did this happen? Peru
25%
Who is the unofficial winner of Indonesia presidential election? Prabowo Subianto
25%
What is his character's real name? Reed Richards
25%
Who did Toronto Maple Leaf's Morgan Reilly crosscheck, leading to a 5 day suspension? Ridly Greig
25%
Who won their copyright defense case for their song The Box? Roddy Rich
25%
What hit show is he from? Saltburn
25%
What airline company did two passengers fist fight on? Southwest
25%
What is the name of Eminem's new documentary called? Stans
25%
What did a cop dress up as to lure a suspected drug dealer out of his home? Teddy Bear
25%
What is the Godzilla x Kong sequel called? The New Empire
25%
Masters of the Universe will be directed by what Bumblebee director? Travis Knight
25%
Who is playing The Invisible Woman in the new Fantastic 4 movie? Vanessa Kirby
25%
What kind of skin condition did the SIMS add to it's latest game? Vitiligo
25%
What is the name of the Lord of the Rings prequel movie? War of the Rohirrim
25%
What is the nickname of the above disease? Zombie Deer Disease
25%
Who is Sabrina Carpenter dating? Barry Koeghan
0%
Who signed a new ESPN contract for the show First Take? Chris Russo
0%
What position was he in the coaching staff? Defense Coordinator
0%
Who was the NBA star that was punched? Drew Eubanks
0%
Who is playing The Thing in the new fantastic 4 movie? Ebon Moss
0%
What NBA star was arrested after punching opponent in the tunnel? Isaiah Stewart
0%
What is his character's real name? Johnny Storm
0%
What NBA star might not play in the All Stars game due to an adductor injury? Kahli Leonard
0%
What state did a prison delay a woman's cancer diagnosis until it was too late? Mississippi
0%
What team is he from? Phoenix Suns
0%
Who did the San Francisco 49ers fire? Steve Wilks
0%
What show was cancelled by Hulu? This Fool
0%
Who re-recorded all their albums and is giving them away for free? Todd Snider
0%
What democrat replaced George Santos in New York? Tom Suozzi
0%
What state has a collapsing hill that is taking a Target with it? West Virginia
0%
No matching quizzes found
Score Distribution
Percent of People with Each Score
Percentile by Number Answered
Your Score History
You have not taken this quiz